000 00882nas a2200253 454500
001 21697
005 20260407193506.0
008 260407s2000####ag###########|||spa#d
003 AR-UNSa-BCEJYS
040 _aAR-UNSa-BCEJYS
_bspa
_cAR-UNSa-BCEJYS
080 _a352
_xNiveles inferiores de la administración. Gobierno local. Administración municipal. Autoridades locales
245 1 0 _aRol y financiamiento municipal
264 1 _aRosario :
_bFoja Cero
_c2000
310 _aFrecuencia: Irregular
942 _cSER
590 _aniveau_biblio:s niveau_hierar:1
100 1 _aAmeriso, Claudia
650 _aADMINISTRACION PUBLICA
650 _aFinanzas
650 _aDesarrollo sostenible
650 _aHacienda pública
650 _aTributación
856 4 1 _uhttps://biblioeco.unsa.edu.ar/pmb/images/revistas/Rol y Financiamiento Municipal.jpg
_yImagen de portada
_qimage/jpeg
999 _c8551
_d8551